Engineering economy (Record no. 4218)

000 -LEADER
fixed length control field 00580nam a2200229 i 4500
001 - CONTROL NUMBER
control field 4218
003 - CONTROL NUMBER IDENTIFIER
control field BD-DhUET
008 - FIXED-LENGTH DATA ELEMENTS--GENERAL INFORMATION
fixed length control field 780213s1979 nyua b 001 0 eng
020 ## - INTERNATIONAL STANDARD BOOK NUMBER
International Standard Book Number 002328160X
040 ## - CATALOGING SOURCE
Original cataloging agency DLC
Transcribing agency DLC
Modifying agency BD-DhUET
082 ## - DEWEY DECIMAL CLASSIFICATION NUMBER
Classification number 658.92
Item number DEG/1979
100 1# - MAIN ENTRY--PERSONAL NAME
Personal name DeGarmo, E. Paul
245 10 - TITLE STATEMENT
Title Engineering economy
250 ## - EDITION STATEMENT
Edition statement 6th ed.
260 ## - PUBLICATION, DISTRIBUTION, ETC. (IMPRINT)
Place of publication, distribution, etc. London
Name of publisher, distributor, etc. Macmillan
Date of publication, distribution, etc. 1979
300 ## - PHYSICAL DESCRIPTION
Extent xv, 576p.
Other physical details ill.
Dimensions 24 cm.
504 ## - BIBLIOGRAPHY, ETC. NOTE
Bibliography, etc Includes bibliographies
650 #0 - SUBJECT ADDED ENTRY--TOPICAL TERM
Topical term or geographic name as entry element Engineering economy
700 ## - ADDED ENTRY--PERSONAL NAME
Personal name Canada, John R.
700 ## - ADDED ENTRY--PERSONAL NAME
Personal name Sullivan, William G.
942 ## - ADDED ENTRY ELEMENTS (KOHA)
Koha item type General Book
Holdings
Price effective from Location (home branch) Source of classification or shelving scheme Koha date last seen Copy number Koha issues (times borrowed) Sublocation or collection (holding branch) Koha normalized classification for sorting Shelving location Damaged status Koha item type Not for loan Piece designation (barcode) Date acquired Koha date last borrowed Lost status Withdrawn status Koha full call number
2014-11-13Central Library, BUET 2024-12-0311Central Library, BUET658_920000000000000_DEG_1979Circulation section General Book 713652014-11-132024-10-28  658.92/DEG/1979
2015-02-28Central Library, BUET 2015-02-282 Central Library, BUET658_920000000000000_DEG_1979Circulation section General Book 654142015-02-28   658.92/DEG/1979
2015-02-28Central Library, BUET 2015-02-283 Central Library, BUET658_920000000000000_DEG_1979Circulation section General Book 651122015-02-28   658.92/DEG/1979
2015-02-28Central Library, BUET 2015-02-284 Central Library, BUET658_920000000000000_DEG_1979Circulation section General Book 654102015-02-28   658.92/DEG/1979
2015-02-28Central Library, BUET 2015-02-285 Central Library, BUET658_920000000000000_DEG_1979Circulation section General Book 651072015-02-28   658.92/DEG/1979
2015-03-04Central Library, BUET 2015-03-046 Central Library, BUET658_920000000000000_DEG_1979Circulation section General Book 149582015-03-04   658.92/DEG/1979